000
00278nam a22001097a 4500
008
170113b xxu||||| |||| 00| 0 eng d
020
_a
002-029918
041
_a
eng
080
_2
6TH
_a
618.2
245
_a
MANUAL OF MEDICAL-SURGICAL NURSING CARE
_c
SWEARINGEN, P.L
942
_2
udc
_c
BK
999
_c
2864
_d
2864